[Event "IND-chT"]
[Site "Chennai"]
[Date "2000.??.??"]
[Round "1"]
[White "Muthu, Kumar M"]
[Black "Sasikiran, Krishnan"]
[Result "0-1"]
[WhiteElo "2137"]
[BlackElo "2514"]
[PlyCount "86"]
[EventDate "2000.??.??"]
[EventType "team"]
[EventRounds "6"]
[EventCountry "IND"]
[SourceTitle "EXT 2001"]
[Source "ChessBase"]
[SourceDate "2000.11.22"]
[SourceVersion "1"]
[SourceVersionDate "2000.11.22"]
[SourceQuality "1"]

1. e4 Nc6 2. Nf3 d6 3. d4 Bg4 4. c3 Nf6 5. Be2 e6 6. Qc2 Be7 7. Be3 Bh5 8. Nbd2 d5 9. e5 Nd7 10. Bd3 Bg6 11. 0-0 Nf8 12. Ne1 f6 13. f4 Bxd3 14. Qxd3 f5 15. Qb5 Rb8 16. Rc1 Qd7 17. c4 a6 18. Qa4 Nxe5 19. Qxd7+ Nexd7 20. cxd5 Nb6 21. dxe6 Nd5 22. Nc2 Nxe6 23. Rfe1 Kf7 24. g3 Rhd8 25. Nf3 Bf6 26. Ne5+ Bxe5 27. fxe5 g5 28. Kg2 Kg6 29. Bg1 f4 30. a3 Rf8 31. Nb4 Nxb4 32. axb4 Rbd8 33. Re4 c6 34. Kf3 h5 35. g4 hxg4+ 36. Kxg4 Rh8 37. Rc3 Rh4+ 38. Kf3 Kf5 39. Bf2 g4+ 40. Kg2 f3+ 41. Kh1 Rh6 42. Be3 Rh7 43. Rc4 Rdh8 0-1